| 000 | 01667cam a2200361 i 4500 | ||
|---|---|---|---|
| 001 | 67323 | ||
| 003 | Mx-PuUPA | ||
| 005 | 20230822150746.0 | ||
| 008 | 170511s2004 mx a frc 000 0 mul d | ||
| 020 |
_a9709783009 _qempastado |
||
| 040 |
_erda _aMx-PuUPA _bspa _cMx-PuUPA _dMx-PuUPA |
||
| 041 | 0 |
_aeng _aspa |
|
| 245 | 1 | 0 |
_aFormations / _cAntonio O. Garza ; textos, Jennifer Textos, Larisa Escobedo ; museografía y curaduría de la exposición, Abaseh Mirvali |
| 250 | _aFirst edition | ||
| 264 | 1 |
_aMéxico : _bTaller de Comunicación Gráfica, _c2004 |
|
| 300 |
_a87 páginas : _bilustraciones ; _c33 cm |
||
| 336 |
_atexto _2rdacontent _btxt |
||
| 337 |
_asin medio _2rdamedia _bn |
||
| 338 |
_avolumen _2rdacarrier _bnc |
||
| 500 | _a"The official residence of the ambassador of the United States of America to México". -- Portada | ||
| 500 | _a"Este catálogo fue publicado conjuntamente con la exposición Formations, la cual fue organizada por la Embajada de los Estados Unidos en la Residencia Oficial del Embajador de los Estados Unidos de América en México, el 1° de junio de 2004 en la Ciudad de México". -- Página legal | ||
| 546 | _aTexto bilingüe: inglés y español. | ||
| 650 | 7 |
_aArte moderno _ySiglo XX _vExhibiciones _2armarc |
|
| 650 | 7 |
_aArte moderno _ySiglo XX _vExposiciones _2armarc |
|
| 650 | 7 |
_aExposiciones _zCiudad de México _vCatálogos _2armarc |
|
| 700 | 1 |
_aGarza, Antonio O., _ecolaborador |
|
| 700 | 1 |
_aTeets, Jennifer, _eautor |
|
| 700 | 1 |
_aEscobedo, Larisa, _eautor |
|
| 700 | 1 |
_aMirvali, Abaseh, _ecurador |
|
| 942 |
_2ddc _cLI _h750.118 _iG112 |
||
| 999 |
_c67323 _d67323 |
||